00481nam a2200193 a 4500001001300000003000900013005001700022008004100039020000900080082001700089100002500106245001900131260004200150300000900192500003500201505001000236650001600246700002500262nice12345678IN_TiNIC20260116012608.0050524s1987 saha grp 000 0 urd  ac2000a891.41bQUR3 aQurban, D A Harrison aSaleeb Ka Dard aSaharanpur bAwas Vikas Colony c1987 a216p aincludes index and biblioraphy2 aIndex aUrdu-Poetry1 aQurban, D A Harrison